Länder mit Braunbären - Statistiken

Allgemein
  • Dieses Quiz wurde 217 mal gespielt
  • Das Durchschnittsergebnis liegt bei 33 aus 42
Antwortstatistiken
Braunbär Land % Korrekt
Russland
98%
Kanada
97%
Vereinigte Staaten
96%
Finnland
95%
Norwegen
94%
Schweden
94%
China
89%
Polen
88%
Rumänien
87%
Ukraine
86%
Lettland
85%
Estland
84%
Italien
84%
Weißrussland
84%
Tschechien
83%
Bulgarien
82%
Kasachstan
81%
Slowakei
81%
Slowenien
81%
Spanien
81%
Frankreich
80%
Serbien
80%
Griechenland
78%
Kroatien
78%
Albanien
77%
Türkei
77%
Usbekistan
77%
Indien
75%
Iran
75%
Japan
75%
Afghanistan
73%
Armenien
73%
Aserbaidschan
72%
Georgien
71%
Pakistan
71%
Irak
70%
Bosnien und Herzegowina
69%
Montenegro
69%
Kirgisistan
68%
Mazedonien
60%
Nordkorea
57%
Andorra
55%
Keine übereinstimmenden Quizze gefunden
Verteilung der Resultate
Anzahl Personen mit jedem Resultat
Perzentil nach korrekt beantworteten Fragen
Ihre Resultats-Entwicklung
Sie haben dieses Quiz noch nicht gespielt